| 000 | 00491nam a2200169Ia 4500 | ||
|---|---|---|---|
| 003 | OSt | ||
| 005 | 20201118152930.0 | ||
| 008 | 190216s9999||||xx |||||||||||||| ||und|| | ||
| 040 | _coclc | ||
| 082 |
_a657 _bVIN/F |
||
| 100 |
_aVinod, A _9643 |
||
| 245 | 0 |
_aFinancial Accounting / _cA Vinod |
|
| 260 |
_bCalicut University Central Co-Operative, _c2008. _aCalicut: |
||
| 300 | _a856p | ||
| 650 |
_aFinancial Accounting _92459 |
||
| 942 |
_cBK _2ddc _h657 _iVIN/F _k657 _mVIN/F |
||
| 999 |
_c7431 _d7431 |
||